| 000 | 00498nam a2200205Ia 4500 | ||
|---|---|---|---|
| 003 | 0100 | ||
| 008 | 130307s9999 xx 000 0 und d | ||
| 040 | _cARRUPELIB | ||
| 050 | _aHC910.S58 1995 | ||
| 100 | _aSkalnes, Tor | ||
| 245 | 4 | _aThe politics of economic reform in Zimbabwe | |
| 245 | _bcontinuity and change in development | ||
| 260 | _aLondon | ||
| 260 | _bMacmillan press | ||
| 260 | _c1995 | ||
| 300 | _a217p. | ||
| 300 | _b22cm | ||
| 650 | _bBonhoeffer, Dietrich | ||
| 942 | 0 | 0 | _04 |
| 999 |
_c99759 _d99759 |
||